000 00420nam a2200145Ia 4500
008 100204s9999 xx 000 0 und d
082 _b8157
100 _aशिरवळकर सुहास
245 _aकोसळ
260 _b"दिपाली प्रकाशन , कल्याण , ठाणे"
_c1983
300 _a282
630 _aकोसळ
730 _aकोसळ
942 _cBOOK
999 _c452593
_d452590